000 00536cam a2200205ua 4500
001 8735
005 20260515114354.0
008 150213n ii |||gr||||Z||||||eng
020 _a0863114466
040 _cMAIN
041 _aeng
082 _a820.954
100 _aMarathe, S.,
_eEditor.
245 1 _aProvocations :
_bTeaching of english literature in India /
_cEdited by S. Marathe .
250 _a1st.
260 _aNew Delhi:
_bOrient,
_c1993.
300 _a246p.
653 _aEnglish.& Old English literatures
942 _cBK
999 _c7826
_d7826